| 000 | 01370cam a2200313 a 4500 | ||
|---|---|---|---|
| 001 | 3072808 | ||
| 003 | OSt | ||
| 005 | 20180117085952.0 | ||
| 008 | 970911s1998 njua b 001 0 eng | ||
| 010 | _a 97041407 | ||
| 020 | _a0805816496 (alk. paper) | ||
| 040 |
_aDLC _cDLC _dDLC |
||
| 050 | 0 | 0 |
_aBF175.5.E35 _bP47 1998 |
| 082 | 0 | 0 |
_a155.2 _221 |
| 245 | 0 | 0 |
_aPersonality development : _btheoretical, empirical, and clinical investigations of Loevinger's conception of ego development / _cedited by P. Michiel Westenberg, Augusto Blasi, Lawrence D. Cohn. |
| 260 |
_aMahwah, N.J. : _bLawrence Erlbaum Associates, _c1998. |
||
| 300 |
_avii, 392 p. : _bill. ; _c23 cm. |
||
| 504 | _aIncludes bibliographical references (p. 355-376) and indexes. | ||
| 650 | 0 | _aEgo (Psychology) | |
| 650 | 0 | _aDevelopmental psychology. | |
| 700 | 1 | _aWestenberg, P. Michiel. | |
| 700 | 1 | _aBlasi, Augusto. | |
| 700 | 1 | _aCohn, Lawrence. | |
| 856 | 4 | 2 |
_3Publisher description _uhttp://www.loc.gov/catdir/enhancements/fy0709/97041407-d.html |
| 906 |
_a7 _bcbc _corignew _d1 _eocip _f19 _gy-gencatlg |
||
| 942 |
_2ddc _cBK |
||
| 999 |
_c2937 _d2937 |
||